Santo Spirito: Florence
Saved in:
| Main Author: | |
|---|---|
| Format: | Book |
| Language: | French |
| Published: |
Bolonia
Il Resto del Carlino
1967
|
| Subjects: | |
| Tags: |
Add Tag
No Tags, Be the first to tag this record!
|
MARC
| LEADER | 00000nam a2200000 a 4500 | ||
|---|---|---|---|
| 001 | UCT0967 | ||
| 003 | CL-VaPUC | ||
| 008 | 960913e19670000IT |||||||||||||||||fre|d | ||
| 082 | 0 | 4 | |a 726.5 |b FAL |2 21 |
| 100 | 0 | |a Faldi Guglielmi, Carla |e author |9 369599 | |
| 245 | 1 | 0 | |a Santo Spirito: Florence |
| 300 | |a 30 p | ||
| 942 | |c BK | ||
| 945 | |d 19960913 00:00:00 |a rleighto | ||
| 260 | |a Bolonia |b Il Resto del Carlino |c 1967 | ||
| 650 | 7 | |a CATEDRALES |2 CL-VaPUC |9 267660 | |
| 650 | 0 | |a Arquitectura religiosa |9 266677 | |
| 650 | 0 | |a Arte religioso |y Siglo 18 |9 369600 | |
| 650 | 0 | |a Monumentos históricos |9 308710 | |
| 651 | 0 | |a Florencia |9 265683 | |
| 651 | 0 | |a Italia |9 254949 | |
| 583 | |a last modification |c 20160817 05:48:05 |k Rodrigo Vera | ||
| 999 | |c 251648 |d 251646 | ||
| 952 | |0 0 |1 0 |4 0 |6 726_500000000000000_FAL_1967 |7 0 |8 P |9 270963 |a BIBARQ |b BIBARQ |d 2019-11-19 |i 3230880 |o 726.5 FAL 1967 |p 3230880 |r 2025-01-20 |w 2019-11-19 |y BK |k ARQ | ||